Vylepšenie webového integrovaného vývojového prostredia

Na minha lista:
Detalhes bibliográficos
Autor principal: Sawa, Daniel (Author)
Outros Autores: Kohútka, Lukáš (Thesis advisor)
Formato: Manuscrito Livro
Idioma:eslovaco
Publicado em: 2024
Assuntos:
Acesso em linha:http://is.stuba.sk/zp/portal_zp.pl?podrobnosti=169038
Tags: Adicionar Tag
Sem tags, seja o primeiro a adicionar uma tag!

MARC

LEADER 00000ntm a22000003a 4500
001 stuzp96961
003 SK-STU
005 20240615210502.2
007 ta
008 150427s2015----xo-----f-mn---000-0-slo-d
040 |a STU  |b slo 
041 0 |a slo 
100 1 |a Sawa, Daniel  |u 070200  |4 aut  |U FIIT Fakulta informatiky a informačných technológií  |T FIIT Ústav informatiky, informačných systémov a softvérového inžinierstva  |X 116288  |U I200  |Y 179  |7 116288 
242 0 1 |a Enhancement of web-based integrated development environment  |y eng 
245 1 0 |a Vylepšenie webového integrovaného vývojového prostredia 
260 |c 2024 
650 4 |a Edukačné prostredie  |2 slo 
650 4 |a Automatizované testy  |2 slo 
650 4 |a ASICDE  |2 slo 
650 4 |a ASICDE  |2 eng 
650 4 |a Educational environment  |2 eng 
650 4 |a Automated tests  |2 eng 
700 1 |a Kohútka, Lukáš  |u 070200  |k Z1  |4 ths  |U FIIT Fakulta informatiky a informačných technológií  |T FIIT Ústav informatiky, informačných systémov a softvérového inžinierstva  |X 5813  |U I200  |Y 179  |7 A000005813 
856 4 |u http://is.stuba.sk/zp/portal_zp.pl?podrobnosti=169038